000 00773nam a2200265Ia 4500
003 OSt
005 20240513142514.0
008 210210b2017 xxu||||| |||| 00| 0 eng d
040 _cAL
041 _aKannada
082 _a926K MANA
100 _aMANNAR KRASHNA RAV (Ma Su)
_dಮನ್ನಾರ್ ಕೃಷ್ಣರಾವ್ (ಮ ಸು)
_9164317
245 _aAnanya bharatiya J R D Tata
_bಅನನ್ಯ ಭಾರತೀಯ ಜೆ.ಆರ್.ಡಿ. ಟಾಟಾ
260 _aBengaluru
_b-
_c2017
300 _axviii,372
650 _aTata
_9164318
650 _aJe
_9164319
650 _aDi
_9164320
650 _abharatiya
_9164321
650 _aAr
_9164322
650 _aAnanya
_9164323
690 _aBiography
_9164324
906 _a071948
942 _2ddc
_cBK
999 _c121704
_d121704